| 000 | 00524nam a2200193 a 4500 | ||
|---|---|---|---|
| 005 | 20240316063855.0 | ||
| 008 | 991125s1950 es 000 0 spa u | ||
| 020 | _a8474192633 | ||
| 035 | _aUPN01000027428 | ||
| 049 | _aI | ||
| 050 | 4 |
_aPZ8.2 _bH34 |
|
| 245 | 0 | 0 |
_aHansel y Gretel / _cil. Art Studium. |
| 260 |
_aBarcelona [Esp.] : _bJunior, _c[1950?]. |
||
| 300 |
_a[30] p. : _bil. |
||
| 440 | 0 | _aFantasÃa de siempre | |
| 650 | 2 |
_aCuentos de aventuras _99134 |
|
| 650 | 4 |
_aCuentos infantiles _96744 |
|
| 905 | _aInfantil | ||
| 999 |
_c27428 _d27428 |
||